000
00348nam a2200145Ia 4500
008
221030s9999 xx 000 0 und d
041
_a
English
082
_a
105.23
100
_a
A. S. Mahajan
245
0
_a
Electricity and Magnetism
_c
by A. S. Mahajan , A. A. Rangwala
260
_c
0
650
_a
B
700
_a
A. A. Rangwala
942
_c
BK
999
_c
10682
_d
10682